Hexagon Hopping: Holiday Quiz Stats

 Plays Quiz not verified by Sporcle

Score 0/84 Timer 10:00
4 Plays Today
% Correct
R<
100%
I<
98.9%
L<
98.9%
Rudolph
98.9%
Rudolph
98.9%
K<
98%
G<
97.2%
F<
97%
Lights
97%
Lights
97%
A<
96.9%
E<
96.9%
T<
96.8%
W<
96.8%
Ireland
96.8%
Ireland
96.8%
M<
96.7%
Fools
96.7%
Fools
96.7%
D<
96.6%
Z<
96.6%
H<
96.5%
B<
96.4%
S<
96.3%
Dead
96.3%
Dead
96.3%
V<
96.2%
N<
96.2%
% Correct
Washington
96.2%
Washington
96.2%
Groundhog
96.1%
Groundhog
96.1%
Thanksgiving
96.1%
Zombie
96.1%
Thanksgiving
96.1%
Zombie
96.1%
Kippur
95.9%
Kippur
95.9%
Night
95.8%
Night
95.8%
R<
95.8%
Emerald
95.8%
Emerald
95.8%
O<
95.7%
Veterans
95.7%
Veterans
95.7%
Memorial
95.7%
Memorial
95.7%
P<
95.6%
J<
95.5%
Boxing
95.5%
Boxing
95.5%
Oktoberfest
95.5%
Oktoberfest
95.5%
Arbor
95.3%
Arbor
95.3%
% Correct
July
95.2%
July
95.2%
Shrove
94.6%
Shrove
94.6%
C<
94.3%
Hogmanay
94.2%
Ramadan
94.2%
Hogmanay
94.2%
Ramadan
94.2%
Passover
94.2%
Passover
94.2%
Christmas
94.1%
Christmas
94.1%
Christmas
94.1%
Christmas
94.1%
Christmas
94.1%
Christmas
94.1%
Christmas
94.1%
Christmas
94.1%
Christmas
94.1%
Christmas
94.1%
Christmas
94.1%
Christmas
94.1%
Christmas
94.1%
Christmas
94.1%
Christmas
94.1%
Christmas
94.1%
Christmas
94.1%

You're not logged in!

Compare scores with friends on all Sporcle quizzes.
OR
Log In

Show Comments

Extras

Top Quizzes Today


Score Distribution

Your Account Isn't Verified!

In order to create a playlist on Sporcle, you need to verify the email address you used during registration. Go to your Sporcle Settings to finish the process.

Report this User

Report this user for behavior that violates our Community Guidelines.

Details: